Top 10 Songs by Alice in Chains - Statistics

General Stats
  • This quiz has been taken 31 times
  • The average score is 6 of 10
Answer Stats
Hint Answer % Correct
1 Man in the Box
93%
4 Nutshell
90%
3 Would?
90%
2 Rooster
83%
6 Them Bones
72%
5 Down in a Hole
62%
9 Heaven Beside You
48%
8 Angry Chair
38%
7 I Stay Away
38%
10 Love, Hate, Love
31%
No matching quizzes found
Score Distribution
Percent of People with Each Score
Percentile by Number Answered
Your Score History
You have not taken this quiz